उर्दू कहानीकार सुदर्शन और उनकी श्रेष्ठ कहानियां / (Record no. 114801)

MARC details
000 -LEADER
fixed length control field 01211nam a22002777a 4500
003 - CONTROL NUMBER IDENTIFIER
control field dpl
005 - DATE AND TIME OF LATEST TRANSACTION
control field 20180711163108.0
008 - FIXED-LENGTH DATA ELEMENTS--GENERAL INFORMATION
fixed length control field 180711b xxu||||| |||| 00| 0 eng d
010 ## - LIBRARY OF CONGRESS CONTROL NUMBER
LC control number A-908497
020 ## - INTERNATIONAL STANDARD BOOK NUMBER
Terms of availability 150.00
International Standard Book Number 8171500080
035 ## - SYSTEM CONTROL NUMBER
System control number A-908497, A-908522
037 ## - SOURCE OF ACQUISITION
Source of stock number/acquisition Cen Lib/Ret
040 ## - CATALOGING SOURCE
Original cataloging agency DPL
Language of cataloging HN
Transcribing agency 0
082 ## - DEWEY DECIMAL CLASSIFICATION NUMBER
Classification number
Item number विक्रम
100 ## - MAIN ENTRY--PERSONAL NAME
Personal name विक्रम , नन्द किशोर
9 (RLIN) 5593
245 ## - TITLE STATEMENT
Title उर्दू कहानीकार सुदर्शन और उनकी श्रेष्ठ कहानियां /
Statement of responsibility, etc नन्द किशोर विक्रम
246 ## - VARYING FORM OF TITLE
Title proper/short title Urdu kahanikar Sudarshan aur unki shreshth kahaniyan
Remainder of title by Nand Kishor Vikram
260 ## - PUBLICATION, DISTRIBUTION, ETC. (IMPRINT)
Place of publication, distribution, etc दिल्ली
Name of publisher, distributor, etc इन्द्र प्रस्थ प्रकाशन
Date of publication, distribution, etc 1998
270 ## - ADDRESS
Address के- 71, कृषण नगर
City दिल्ली
Postal code 110051
300 ## - PHYSICAL DESCRIPTION
Extent 160पृष्ठ.
Dimensions 20(सजिल्द)
650 ## - SUBJECT ADDED ENTRY--TOPICAL TERM
Topical term or geographic name as entry element हिंदी साहित्य
9 (RLIN) 58399
650 ## - SUBJECT ADDED ENTRY--TOPICAL TERM
Topical term or geographic name as entry element हिंदी कहानी
9 (RLIN) 58400
650 ## - SUBJECT ADDED ENTRY--TOPICAL TERM
Topical term or geographic name as entry element hindi literature
9 (RLIN) 58401
650 ## - SUBJECT ADDED ENTRY--TOPICAL TERM
Topical term or geographic name as entry element Hindi Story
9 (RLIN) 43117
942 ## - ADDED ENTRY ELEMENTS (KOHA)
Source of classification or shelving scheme Dewey Decimal Classification
Koha item type Hindi Books
Classification part
Call number suffix विक्रम
Holdings
Withdrawn status Lost status Damaged status Not for loan Home library Current library Date acquired Source of acquisition Cost, normal purchase price Total Checkouts Full call number Barcode Date last seen Copy number Cost, replacement price Price effective from Koha item type Source of classification or shelving scheme Collection code
        Central Library Central Library 18/08/2015 Cen Lib/Ret 150.00   क विक्रम A-908497 18/08/2015 1 150.00 18/08/2015 Hindi Books    
        Shahdara Branch Shahdara Branch 11/07/2018 BPPD/PUB 150.00   क विक्रम A-908522 11/07/2018   150.00 11/07/2018 Hindi Books Dewey Decimal Classification Fiction

© Delhi Public Library
Hit Counter
free hit counter